| 000 | 00580nam a22001937a 4500 | ||
|---|---|---|---|
| 003 | SISC | ||
| 005 | 20160314133143.0 | ||
| 008 | 130907t xxu||||| |||| 00| 0 eng d | ||
| 020 | _a1900702908 | ||
| 050 |
_aPE 1128 _b.R749 2004 |
||
| 082 |
_aHS 415 _bR64 2003 |
||
| 100 |
_aRollason, Jane _917104 |
||
| 245 |
_aEnglish practice and progress : _b grammar activities (pre-intermediate - intermediate) / _cJane Rollason. |
||
| 260 |
_aNew York : _bScholastic, _cc2004. |
||
| 300 |
_a48 p. : _bill. ; _c25 cm. |
||
| 650 |
_aGrammar. _91590 |
||
| 942 |
_2lcc _cBK |
||
| 999 |
_c10609 _d10609 |
||